| 000 | 00648nam a2200217 a 4500 | ||
|---|---|---|---|
| 999 |
_c3428 _d3428 |
||
| 001 | 3428 | ||
| 003 | BD-JhCC | ||
| 005 | 20171113192353.0 | ||
| 008 | 171112s1987 bg ||||| |||| 00| 0 ben d | ||
| 035 | _a(BD-JhCC) | ||
| 040 |
_aBD-JhCC _dBD-JhCC |
||
| 041 | _aben | ||
| 082 |
_a891.442 _bHAS 1987 |
||
| 100 | _aহাসান, কাজী জাকির | ||
| 245 |
_aসাতটি নাটক / _cকাজী জাকির হাসান |
||
| 260 |
_aঢাকা : _bপ্রত্যয় প্রকাশনী, _c১৯৮৭. |
||
| 300 |
_a207 p. : _c22 cm. |
||
| 650 | _aBengali Drama | ||
| 942 |
_2ddc _cBK |
||